00537nam a2200193Ia 450000500170000000800410001702000150005804000190007304100120009208200150010410000200011924501020013926000310024130000130027250400180028565000200030365100100032385000100033320231214101755.0131103s9999 xx 000 0 und d a1904132162 aLoreto College aEnglish a731.4bMCC aMcCarthy, Soren aCult movies in sixty secondsb the best films in the world in less than a minute cSoren McCarthy aLondonbFusion Pressc2003 axv,208p  aInclude index aMotion Pictures aFilms aLCLIB